[Event "Challenge"]
[Site "http://www.queenalice.com/game.php?id=1347316"]
[Date "2015.3.14"]
[Round "-"]
[White "jbugg"]
[Black "Diesels_Deuce"]
[Result "0-1"]
[WhiteElo "1505"]
[BlackElo "1051"]

1. e4 c5 2. d3 Nc6 3. Nc3 b6 4. Bf4 d6 5. Nf3 Nf6 6. h3 e5 7. Nxe5 dxe5 8. Bg3
Be7 9. Be2 O-O 10. Nd5 Nxd5 11. exd5 Qxd5 12. Bf3 Qe6 13. Qe2 f6 14. O-O Nd4 15.
Qe4 Rb8 16. Rac1 Bb7 17. Qg4 f5 18. Qh5 g6 19. Qh6 Nxf3+ 20. gxf3 Bxf3 21. b3 f4
22. Bh4 Qxh3 23. Bg5 Qg2# 0-1

[Event "Challenge"]
[Site "http://www.queenalice.com/game.php?id=1348171"]
[Date "2015.3.18"]
[Round "-"]
[White "kuborn"]
[Black "Diesels_Deuce"]
[Result "0-1"]
[WhiteElo "1425"]
[BlackElo "1122"]

1. e4 c5 2. Nc3 Nc6 3. b3 d6 4. Bb2 Bd7 5. Qf3 Nf6 6. O-O-O e6 7. Bb5 Nd4 8.
Bxd7+ Qxd7 9. Qd3 d5 10. exd5 exd5 11. Re1+ Be7 12. Nh3 O-O 13. Ng5 Rac8 14. Re5
c4 15. Qh3 Qxh3 16. gxh3 Rfe8 17. Rhe1 Ne4 18. Ngxe4 dxe4 19. R1xe4 Nc6 20. Rd5
Bf6 21. Rxe8+ Rxe8 22. bxc4 Re1+ 23. Nd1 Bxb2+ 24. Kxb2 Rxd1 25. d3 h6 26. a3
Rd2 27. f4 Rxh2 28. Rd7 Rxh3 29. Rxb7 h5 30. Rc7 Nd4 31. Rxa7 Nc6 32. Rc7 Na5
33. f5 f6 34. c5 h4 35. Kc3 Rg3 36. Kb4 h3 37. Kxa5 h2 38. c6 h1=Q 39. Rc8+ Kh7
40. c7 Qb7 41. Rb8 Qxc7+ 42. Rb6 Qxc2 43. Ka6 Rxd3 44. a4 Qxa4+ 45. Kb7 Rd5 46.
Kb8 Rb5 47. Rxb5 Qxb5+ 48. Ka7 Qxf5 49. Kb6 g5 50. Kc6 g4 51. Kd6 g3 52. Ke7 g2
53. Kf7 g1=Q 54. Ke7 Qg7+ 55. Kd6 Qf2 56. Ke6 Qgg1 57. Kf7 Qa7+ 58. Kxf6 Qgb6+
59. Kg5 Qaa5+ 60. Kf4 Qbb4+ 61. Ke3 Qaa3+ 62. Kf2 Qbb2+ 63. Ke1 Qaa1# 0-1

[Event "Challenge"]
[Site "http://www.queenalice.com/game.php?id=1348416"]
[Date "2015.3.18"]
[Round "-"]
[White "welshlass"]
[Black "Diesels_Deuce"]
[Result "0-1"]
[WhiteElo "1069"]
[BlackElo "1073"]

1. e4 c5 2. Nc3 Nc6 3. Nf3 d6 4. Bb5 a6 5. Bxc6+ bxc6 6. O-O g6 7. d3 d5 8. exd5
cxd5 9. d4 e6 10. Re1 Nh6 11. Ne5 Qd6 12. Qf3 cxd4 13. Bxh6 Bxh6 14. Qxf7+ Kd8
15. Qf6+ Kc7 16. Qxh8 dxc3 17. bxc3 Qf8 18. Qxf8 Bxf8 19. Rab1 Bb7 20. Nf7 Re8
21. Ng5 Bc8 22. Nxh7 Bc5 23. Nf6 Rf8 24. Ng4 e5 25. Rxe5 Bxg4 26. Rxd5 Bxf2+ 27.
Kh1 Re8 28. h3 Be6 29. Rg5 Rg8 30. Rb4 Bxa2 31. Ra4 Bb1 32. Rxa6 Bxc2 33. Rb5
Bd3 0-1

[Event "Challenge"]
[Site "http://www.queenalice.com/game.php?id=1348711"]
[Date "2015.3.20"]
[Round "-"]
[White "Diesels_Deuce"]
[Black "jbugg"]
[Result "0-1"]
[WhiteElo "1073"]
[BlackElo "1512"]

1. c4 e5 2. Nc3 Bc5 3. b3 Nf6 4. e3 Ng4 5. Qxg4 O-O 6. Bd3 Qf6 7. Nf3 d6 8. Bb2
Bxg4 9. Ne4 Qg6 10. Nfg5 h6 11. Nxc5 Qxg5 12. Ne4 Qh5 13. f3 Bf5 14. g4 Qh4+ 15.
Kd1 Bxe4 16. Bxe4 c6 17. d4 exd4 18. exd4 Qf2 19. Bc3 b5 20. d5 Qe3 21. Bd2 Qd4
22. Ke2 bxc4 23. dxc6 c3 24. c7 cxd2 25. Bxa8 Re8+ 26. Be4 d5 27. cxb8=Q Rxb8
28. Bd3 Re8+ 29. Kxd2 Qe3+ 30. Kc3 d4+ 31. Kc2 Qxf3 32. Rae1 Re3 33. Rhf1 Qg2+
34. Re2 Rxe2+ 0-1

[Event "Best of three"]
[Site "http://www.queenalice.com/game.php?id=1348906"]
[Date "2015.3.21"]
[Round "-"]
[White "jbugg"]
[Black "Diesels_Deuce"]
[Result "0-1"]
[WhiteElo "1523"]
[BlackElo "1073"]

1. e4 b6 2. d4 e6 3. Nf3 Bb7 4. Nc3 c5 5. Be3 Nc6 6. Bd3 Nge7 7. O-O d5 8. Ne5
cxd4 9. Nxc6 Nxc6 10. exd5 exd5 11. Bxd4 Nxd4 12. Qg4 Ne6 13. Bb5+ Ke7 14. Qf3
Qd6 15. Rfd1 Nc7 16. Qe3+ Kd8 17. a4 Qg6 18. Bd3 Bc5 19. Bxg6 Bxe3 20. fxe3 hxg6
21. e4 Re8 22. Rd4 Re5 23. Re1 Ke8 24. Kf1 Rd8 25. Kf2 Ne6 26. Rd3 dxe4 27. Rh3
Rd2+ 28. Ne2 e3+ 29. Rxe3 Rxe3 30. Kxe3 Rxc2 31. Rb1 Bxg2 32. b4 f5 33. Kd3 Be4+
34. Ke3 Rxe2+ 35. Kxe2 Bxb1 36. Kf3 g5 37. b5 g4+ 38. Kg3 Kf7 39. Kh4 Kg6 40.
Kg3 Ng5 41. Kh4 Nh3 42. Kg3 Kh5 43. Kg2 f4 44. a5 Be4+ 45. Kf1 bxa5 46. b6 a4
47. b7 Bxb7 48. Ke1 a3 49. Kd2 a2 50. Ke2 f3+ 51. Ke3 a1=Q 52. Kd2 Qa3 53. Kc2
f2 0-1

[Event "Go for I/2 dozen!"]
[Site "http://www.queenalice.com/game.php?id=1349885"]
[Date "2015.3.25"]
[Round "-"]
[White "Diesels_Deuce"]
[Black "jbugg"]
[Result "1-0"]
[WhiteElo "1073"]
[BlackElo "1505"]

1. c4 e5 2. Nc3 Bc5 3. e3 Nf6 4. d4 Bd6 5. Nf3 Nc6 6. Bd3 O-O 7. O-O Qe7 8. c5
e4 9. cxd6 Qxd6 10. Nxe4 Nxe4 11. Bxe4 Qe6 12. Bc2 d5 13. Qd3 Qg6 14. Nh4 Qh5
15. Nf5 Nb4 16. Qb3 Nc6 17. Qxd5 a5 18. Ne7+ Nxe7 19. Qxh5 Be6 20. Qxh7# 1-0

[Event "Challenge"]
[Site "http://www.queenalice.com/game.php?id=1350296"]
[Date "2015.3.27"]
[Round "-"]
[White "armbar"]
[Black "Diesels_Deuce"]
[Result "1-0"]
[WhiteElo "1962"]
[BlackElo "1150"]

1. Nf3 c5 2. c4 Nc6 3. e3 b6 4. Nc3 e6 5. b3 Nf6 6. Bb2 Be7 7. d4 d5 8. cxd5
Nxd5 9. Bb5 Bd7 10. O-O O-O 11. Nxd5 exd5 12. dxc5 Bf6 13. Bxf6 Qxf6 14. cxb6
axb6 15. Qxd5 Rad8 16. Bxc6 Bxc6 17. Qe5 Rd6 18. Rad1 Rfd8 19. Qxf6 gxf6 20. Rd4
Bxf3 21. gxf3 Rxd4 22. exd4 Rxd4 23. Re1 Kg7 24. Re2 b5 25. Kf1 h5 26. Rc2 b4
27. Ke2 Rh4 28. Rc4 Rxh2 29. Rxb4 h4 30. Kf1 Rh1+ 31. Kg2 Ra1 32. a4 Kg6 33.
Rxh4 Rb1 34. b4 Kg5 35. Rc4 f5 36. a5 f6 37. a6 1-0

[Event "Challenge"]
[Site "http://www.queenalice.com/game.php?id=1350340"]
[Date "2015.3.28"]
[Round "-"]
[White "Diesels_Deuce"]
[Black "Equiferus"]
[Result "0-1"]
[WhiteElo "1150"]
[BlackElo "1877"]

1. c4 f5 2. Nc3 Nf6 3. g3 g6 4. d3 Bg7 5. Bg2 O-O 6. Nh3 e5 7. Nd5 Nxd5 8. Bxd5+
Kh8 9. Ng5 Qf6 10. f4 Qe7 11. Nf7+ Rxf7 12. Bxf7 Qxf7 13. Be3 Nc6 14. Qa4 Nd4
15. c5 b5 16. Qa5 Qd5 17. O-O-O Qxc5+ 18. Qc3 Nxe2+ 0-1

[Event "Challenge"]
[Site "http://www.queenalice.com/game.php?id=1350647"]
[Date "2015.3.29"]
[Round "-"]
[White "Diesels_Deuce"]
[Black "kuborn"]
[Result "0-1"]
[WhiteElo "1154"]
[BlackElo "1477"]

1. c4 e5 2. Nc3 Bc5 3. e3 b6 4. b3 Bb7 5. Nf3 Nf6 6. d4 Bb4 7. Bd2 Bxf3 8. Qxf3
Bxc3 9. Bxc3 exd4 10. Qxa8 dxc3 11. Qxa7 O-O 12. Qa3 c2 13. Bd3 Ng4 14. Bxc2 c5
15. h3 Qf6 16. Rd1 Qxf2# 0-1

[Event "Challenge2"]
[Site "http://www.queenalice.com/game.php?id=1351216"]
[Date "2015.4.2"]
[Round "-"]
[White "Diesels_Deuce"]
[Black "Equiferus"]
[Result "1/2-1/2"]
[WhiteElo "1177"]
[BlackElo "1866"]

1. c4 f5 2. Nf3 Nf6 3. Nc3 g6 4. b3 Bg7 5. Bb2 O-O 6. e3 d5 7. d3 Nc6 8. Be2 e5
9. d4 e4 10. Ne5 Nxe5 11. dxe5 Ng4 12. Nxd5 Nxe5 13. f4 Nd3+ 14. Bxd3 Bxb2 15.
Rb1 Bc3+ 16. Nxc3 Qxd3 17. Qxd3 exd3 18. Nd5 Rf7 19. O-O b5 20. Rfd1 bxc4 21.
bxc4 Ba6 22. Rb4 c5 23. Ra4 Bb7 24. Rxd3 Kf8 25. Rb3 Rd7 26. h3 Kf7 27. Rb5 Bxd5
28. cxd5 Rxd5 29. Rb7+ Kg8 30. Rc4 a5 31. a4 h5 32. h4 Ra6 1/2-1/2

[Event "Challenge"]
[Site "http://www.queenalice.com/game.php?id=1351404"]
[Date "2015.4.2"]
[Round "-"]
[White "aparicio"]
[Black "Diesels_Deuce"]
[Result "1-0"]
[WhiteElo "1430"]
[BlackElo "1295"]

1. e4 c5 2. Nf3 Nc6 3. Bb5 Qc7 4. O-O e6 5. Nc3 Nd4 6. Nxd4 cxd4 7. Ne2 Qe5 8.
Bd3 Nf6 9. f4 Qc5 10. e5 Nd5 11. a3 a5 12. b3 b5 13. Qe1 Ba6 14. Bb2 b4 15. Bxd4
Qc6 16. Be4 Bc5 17. Bxc5 Qxc5+ 18. Qf2 Qxf2+ 19. Kxf2 O-O 20. axb4 axb4 21. c4
Bb7 22. cxd5 exd5 23. Bf3 Rfc8 24. Rxa8 Bxa8 25. Nd4 Rd8 26. Ra1 Bb7 27. Ra7 Ba8
28. Nc2 d6 29. exd6 f5 30. Rxa8 1-0

[Event "Challenge"]
[Site "http://www.queenalice.com/game.php?id=1351625"]
[Date "2015.4.4"]
[Round "-"]
[White "jbugg"]
[Black "Diesels_Deuce"]
[Result "0-1"]
[WhiteElo "1553"]
[BlackElo "1150"]

1. e4 c5 2. Nc3 Nc6 3. Nf3 b6 4. Nd5 e6 5. Nf4 Bd6 6. d3 Nge7 7. Be2 O-O 8. O-O
Bb7 9. b3 Bc7 10. Qd2 Ne5 11. Nxe5 Bxe5 12. Nh5 Bxa1 13. c3 d5 14. Ba3 dxe4 15.
d4 Bxc3 16. Qxc3 cxd4 17. Qg3 Ng6 18. Bxf8 Qxf8 19. Rd1 Rd8 20. Bb5 Qb4 21. Bc4
d3 22. Nf4 Ne5 23. Qg5 Rd4 24. Qxe5 Qd6 25. Qb5 h6 26. Qe8+ Qf8 27. Qb5 Kh7 28.
f3 d2 29. Qe5 Qc5 30. Qb8 Rxc4+ 31. Kf1 Rc1 32. Ke2 Rxd1 33. Kxd1 Qc1+ 34. Ke2
d1=Q+ 0-1

[Event "Challenge"]
[Site "http://www.queenalice.com/game.php?id=1352359"]
[Date "2015.4.7"]
[Round "-"]
[White "jbugg"]
[Black "Diesels_Deuce"]
[Result "1-0"]
[WhiteElo "1506"]
[BlackElo "1180"]

1. e4 c5 2. b3 Nc6 3. Ba3 b6 4. Nf3 e6 5. Be2 Be7 6. O-O Nf6 7. Bd3 d5 8. e5 Ng4
9. Qe2 Qc7 10. Bb2 d4 11. h3 Ngxe5 12. Nxe5 Nxe5 13. Be4 Ng6 14. Bxa8 Bb7 15.
Bxb7 Qxb7 16. d3 Nf4 17. Qg4 Bd6 18. Qxg7 Rf8 19. Bc1 Ne2+ 20. Kh1 Bf4 21. Nd2
Qd5 22. Re1 Qe5 23. Qxe5 Bxe5 24. Rxe2 f5 25. Rxe5 1-0

[Event "No Dumb Blunders"]
[Site "http://www.queenalice.com/game.php?id=1352417"]
[Date "2015.4.8"]
[Round "-"]
[White "Diesels_Deuce"]
[Black "jbugg"]
[Result "0-1"]
[WhiteElo "1191"]
[BlackElo "1492"]

1. c4 e5 2. Nc3 Nc6 3. d3 g6 4. g3 Bc5 5. Be3 Bxe3 6. fxe3 Nf6 7. Bh3 Qe7 8. Nf3
Qc5 9. d4 exd4 10. exd4 Qb6 11. Qd3 Qxb2 12. Qe3+ Ne7 13. Rc1 Qb4 14. Ne5 d6 15.
Bxc8 Rxc8 16. Nd3 Qxc4 17. Rf1 Qe6 18. Qxe6 fxe6 19. Rxf6 Kd7 20. Nf4 Ng8 21.
Rxe6 g5 22. d5 gxf4 23. gxf4 h5 24. Ne4 Rh6 25. Rxh6 Nxh6 26. Nf6+ Ke7 27. Nxh5
Rg8 28. Kd2 Ng4 29. Rh1 Nf2 30. Rb1 b6 31. f5 Rg5 32. Ng3 a5 33. Rf1 Ng4 34. h3
Nf6 35. Rf3 Nxd5 36. f6+ Nxf6 37. Nf5+ Ke6 38. Nd4+ Kf7 39. h4 Rd5 40. e3 c5 41.
Rf4 cxd4 42. exd4 Ke6 0-1

[Event "Challenge"]
[Site "http://www.queenalice.com/game.php?id=1352649"]
[Date "2015.4.9"]
[Round "-"]
[White "jbugg"]
[Black "Diesels_Deuce"]
[Result "0-1"]
[WhiteElo "1496"]
[BlackElo "1207"]

1. e4 e5 2. Nf3 Nc6 3. Bc4 Nf6 4. Ng5 d5 5. exd5 Nxd5 6. Qf3 Ncb4 7. Nxf7 e4 8.
Qxe4+ Qe7 9. Ne5 Be6 10. c3 Nf6 11. Qxb7 Bd5 12. Qxb4 Qxe5+ 13. Be2 Bxb4 14.
cxb4 Bc4 15. Nc3 Nd5 16. d3 Bxd3 17. Bd2 Nxc3 18. Bxc3 Qxe2# 0-1

[Event "Lunch"]
[Site "http://www.queenalice.com/game.php?id=1352659"]
[Date "2015.4.10"]
[Round "-"]
[White "jbugg"]
[Black "Diesels_Deuce"]
[Result "0-1"]
[WhiteElo "1468"]
[BlackElo "1235"]

1. e4 Nc6 2. Nf3 e5 3. b3 d6 4. Bc4 Be6 5. Bd3 Nf6 6. O-O d5 7. exd5 Bxd5 8. Bb2
e4 9. Qe2 Bd6 10. Bb5 O-O 11. Ng5 a6 12. Ba4 b5 13. Nxe4 Bxe4 14. c4 bxa4 15. d3
Bf5 16. bxa4 Re8 17. Qf3 Qd7 18. Nd2 Be5 19. Rab1 Nd4 20. Qe3 Bxh2+ 0-1

[Event "Challenge"]
[Site "http://www.queenalice.com/game.php?id=1352896"]
[Date "2015.4.10"]
[Round "-"]
[White "adelio"]
[Black "Diesels_Deuce"]
[Result "1-0"]
[WhiteElo "1789"]
[BlackElo "1295"]

1. d4 b6 2. c4 c5 3. d5 d6 4. e4 e6 5. Nc3 Nf6 6. Be2 Nbd7 7. Nf3 Be7 8. Ng5 O-O
9. h4 Ne5 10. h5 Ba6 11. dxe6 fxe6 12. Nxe6 Qe8 13. Nxf8 Qxf8 14. g4 Nxc4 15. b3
Bb7 16. Bxc4+ Kh8 17. f3 Rd8 18. g5 Nd7 19. g6 Qf6 20. Bd2 Ne5 21. Kf2 Rf8 22.
Bf7 Nxf7 23. gxf7 Rxf7 24. Nd5 Bxd5 25. exd5 Qb2 26. Kg3 Qe5+ 27. f4 Qxd5 28.
Qc2 Bg5 29. Raf1 Bxf4+ 30. Bxf4 g5 31. hxg6 1-0

[Event "OS INCLIVEIS"]
[Site "http://www.queenalice.com/game.php?id=1352899"]
[Date "2015.4.10"]
[Round "-"]
[White "Diesels_Deuce"]
[Black "adelio"]
[Result "0-1"]
[WhiteElo "1297"]
[BlackElo "1700"]

1. c4 c5 2. Nc3 f5 3. e3 e6 4. Nf3 d6 5. d4 b6 6. Bd3 Be7 7. O-O h5 8. e4 h4 9.
d5 g5 10. e5 g4 11. Nd2 g3 12. exd6 Bxd6 13. fxg3 hxg3 14. hxg3 Bxg3 15. dxe6
Rh1+ 16. Kxh1 Qh4+ 0-1

[Event "gillou77-2"]
[Site "http://www.queenalice.com/game.php?id=1352903"]
[Date "2015.4.11"]
[Round "1"]
[White "caracole"]
[Black "Diesels_Deuce"]
[Result "1-0"]
[WhiteElo "1189"]
[BlackElo "1293"]

1. e4 c5 2. Nf3 d6 3. Bd3 Nc6 4. c3 Nf6 5. Bc2 e6 6. d4 cxd4 7. cxd4 d5 8. e5
Ne4 9. O-O Be7 10. Nc3 Nxc3 11. bxc3 b5 12. a4 a6 13. Qd3 Qa5 14. Bg5 h6 15. Bd2
b4 16. Rfb1 Rb8 17. Rb2 bxc3 18. Rxb8 Nxb8 19. Bxc3 Bb4 20. Bxb4 Qxb4 21. Rb1
Qe7 22. Rxb8 O-O 23. Qh7# 1-0

[Event "Challenge"]
[Site "http://www.queenalice.com/game.php?id=1354977"]
[Date "2015.4.22"]
[Round "-"]
[White "Karrasco"]
[Black "Diesels_Deuce"]
[Result "1-0"]
[WhiteElo "1500"]
[BlackElo "1297"]

1. e4 c5 2. Qh5 b6 3. Nc3 e6 4. Bc4 Nc6 5. d3 Nf6 6. Qe2 d5 7. exd5 Nxd5 8. Bxd5
Ne7 9. Bxa8 Nd5 10. Bxd5 Be7 11. Bc6+ Bd7 12. Bxd7+ Qxd7 13. Nf3 O-O 14. Ne5 Qd4
15. Nc6 Qd6 16. Nxe7+ Qxe7 17. O-O 1-0

[Event "gillou77-2"]
[Site "http://www.queenalice.com/game.php?id=1374902"]
[Date "2015.8.1"]
[Round "3"]
[White "swampthing"]
[Black "Diesels_Deuce"]
[Result "0-1"]
[WhiteElo "1325"]
[BlackElo "1287"]

1. e3 e5 2. d4 exd4 3. exd4 d5 4. Nh3 Nc6 5. Bd3 Bxh3 6. gxh3 Nxd4 7. Be3 Ne6 8.
Nd2 Nf6 9. Qe2 Qd7 10. f4 Be7 11. f5 Nd8 12. Qg2 Rg8 13. c4 dxc4 14. Bxc4 Qxf5
15. Rf1 Qc2 16. Bd5 Nxd5 17. Qxd5 Qc6 18. Qh5 Qg6 19. Qf3 Bh4+ 20. Kd1 Nc6 21.
Qf4 Qh5+ 22. Kc2 O-O-O 23. Nf3 g5 24. Nxh4 gxf4 25. Rxf4 Qe2+ 26. Kc3 Qd3# 0-1